| 000 | 00522nam a2200157 i 4500 | ||
|---|---|---|---|
| 001 | 79173 | ||
| 003 | ES-MaACL | ||
| 005 | 20230906173923.0 | ||
| 007 | t| | ||
| 008 | 041020s1972 sp ||||1| spa d | ||
| 100 | 1 |
_aHernández González, Gabriel. _962948 |
|
| 245 | 1 | 0 |
_aElpidio Sánchez Marcos _b: (crónica de su vida) 1900-1970 / _cGabriel Hernández Gómez, ("Javier de Montillana") seudónimo. |
| 260 |
_aSalamanca : _b[s.n., _c1972] |
||
| 300 |
_a192 p., 31 lám. ; _c22 cm. |
||
| 852 |
_aES-MaACL _jC-44648 _bR.80383 |
||
| 999 |
_c79173 _d79173 |
||